[Event "2nd GMA World Cup prel  #2"]
[Site "Moscow URS"]
[Date "1989.??.??"]
[Round "8"]
[White "Dorfman, Iosif"]
[Black "Vaiser, Anatoly"]
[Result "1-0"]
[WhiteElo "2565"]
[BlackElo "2525"]
[EventDate "1989.05.??"]
[PlyCount "111"]

1.Nf3 e6 2.g3 d5 3.Bg2 g6 4.c4 Bg7 5.O-O Ne7 6.d4 Nbc6 7.e3 O-O 8.Nc3 b6 
9.cxd5 exd5 10.a3 a5 11.b3 h6 12.Ne1 Be6 13.Nd3 g5 14.Bb2 Qd7 15.Rc1 Rac8 
16.Re1 Ng6 17.b4 axb4 18.axb4 Nce7 19.b5 f5 20.Ba3 Rf7 21.Bxe7 Nxe7 22.f4 
Rff8 23.Re2 Bf6 24.Ra2 c6 25.bxc6 Nxc6 26.Kh1 Na5 27.Nb4 Be7 28.Nbxd5 Rxc3
29.Nxc3 Bxa2 30.Nxa2 Qe6 31.Qe2 Rd8 32.Nc3 Kg7 33.Qd3 Rc8 34.Rb1 Qc4 35.
Qxc4 Nxc4 36.Nd5 Bd8 37.Kg1 Nd2 38.Rb2 Rc1+ 39.Kf2 Nc4 40.Ra2 Kg6 41.Bf1 
Nd6 42.Bd3 gxf4 43.Nxf4+ Kf7 44.Ra7+ Rc7 45.Ra8 Bg5 46.Nd5 Rb7 47.h4 Be7 
48.Ba6 Rd7 49.Nxb6 Rc7 50.Bd3 Ne4+ 51.Kf3 Nd2+ 52.Ke2 Ne4 53.Nd5 Rb7 54.
Bxe4 fxe4 55.Nxe7 Rb2+ 56.Kf1 1-0

[Event "2nd GMA World Cup prel  #2"]
[Site "Moscow URS"]
[Date "1989.??.??"]
[Round "8"]
[White "Vladimirov, Evgeny"]
[Black "Popovic, Petar"]
[Result "1-0"]
[WhiteElo "2550"]
[BlackElo "2535"]
[EventDate "1989.05.??"]
[PlyCount "85"]

1.d4 Nf6 2.c4 g6 3.Nc3 d5 4.Nf3 Bg7 5.Qb3 dxc4 6.Qxc4 O-O 7.e4 Na6 8.Be2 
c5 9.d5 e6 10.O-O exd5 11.exd5 Bf5 12.Bf4 Qb6 13.Be5 Rad8 14.d6 Qb4 15.
Rad1 Qxc4 16.Bxc4 Nb4 17.h3 a6 18.a3 Nc6 19.g4 Bd7 20.Rfe1 b5 21.Bd5 Nxe5 
22.Nxe5 b4 23.Nxd7 Nxd7 24.axb4 cxb4 25.Na4 Bf6 26.Re4 a5 27.Bc6 Ne5 28.
Bb5 Rb8 29.Rd5 Nf3+ 30.Kg2 Ng5 31.Rc4 Ne6 32.d7 g5 33.Kf1 Kg7 34.Bc6 Bd8 
35.Rf5 b3 36.Bd5 Nf4 37.Rc8 Bf6 38.Rxf8 Rxf8 39.Bxb3 Rd8 40.Nc5 Rb8 41.Ne4
Bxb2 42.Rxf7+ Kg6 43.Nd6 1-0

[Event "2nd GMA World Cup prel  #2"]
[Site "Moscow URS"]
[Date "1989.??.??"]
[Round "8"]
[White "Murey, Jacob"]
[Black "Kharitonov, Andrei"]
[Result "1/2-1/2"]
[WhiteElo "2560"]
[BlackElo "2520"]
[EventDate "1989.05.??"]
[PlyCount "114"]

1.e4 c5 2.Nf3 e6 3.d4 cxd4 4.Nxd4 Nf6 5.Nc3 d6 6.g4 a6 7.g5 Nfd7 8.h4 b5 
9.a3 Bb7 10.h5 Nb6 11.Rh3 Nc6 12.g6 hxg6 13.hxg6 Rxh3 14.Bxh3 Nxd4 15.Qxd4
Nc4 16.gxf7+ Kxf7 17.Qd1 Qf6 18.Qh5+ g6 19.Qg4 Be7 20.Qg3 Rh8 21.b3 Ne5 
22.Bg2 Qh4 23.Bf4 Qxg3 24.Bxg3 Bh4 25.Bxh4 Rxh4 26.Rd1 Ke7 27.f3 g5 28.Kf2
Ng6 29.Ne2 Rh8 30.Kg3 e5 31.Rh1 Rh4 32.Rc1 Nf4 33.Nxf4 exf4+ 34.Kf2 d5 35.
exd5 Bxd5 36.c4 bxc4 37.bxc4 Bc6 38.Rc2 Kd6 39.Re2 Rh5 40.c5+ Kxc5 41.Re5+
Kd4 42.Ra5 Bb5 43.a4 Bd3 44.Bf1 Rh2+ 45.Kg1 Rd2 46.Bxd3 Rxd3 47.Rxg5 Ke3 
48.Rg6 Rd1+ 49.Kg2 Rd2+ 50.Kg1 a5 51.Rg5 Kxf3 52.Rxa5 Rd1+ 53.Kh2 Kf2 54.
Rb5 f3 55.a5 Ke1 56.a6 Ra1 57.a7 Rxa7 1/2-1/2

[Event "2nd GMA World Cup prel  #2"]
[Site "Moscow URS"]
[Date "1989.??.??"]
[Round "8"]
[White "Dlugy, Maxim"]
[Black "Kuzmin, Gennady"]
[Result "1/2-1/2"]
[WhiteElo "2570"]
[BlackElo "2505"]
[EventDate "1989.05.??"]
[PlyCount "31"]

1.d4 Nf6 2.c4 e6 3.Nf3 b6 4.g3 Bb7 5.Bg2 Be7 6.Nc3 Ne4 7.Bd2 O-O 8.Qc2 d5 
9.cxd5 exd5 10.O-O Nxd2 11.Qxd2 Nd7 12.e3 Nf6 13.Ne5 Bd6 14.Rfd1 Re8 15.
Nd3 h5 16.Nb5 1/2-1/2

[Event "2nd GMA World Cup prel  #2"]
[Site "Moscow URS"]
[Date "1989.??.??"]
[Round "8"]
[White "Razuvaev, Yury"]
[Black "Rashkovsky, Nukhim"]
[Result "1/2-1/2"]
[WhiteElo "2550"]
[BlackElo "2520"]
[EventDate "1989.05.??"]
[PlyCount "173"]

1.d4 Nf6 2.c4 e6 3.Nf3 Bb4+ 4.Bd2 Qe7 5.g3 Nc6 6.Nc3 d5 7.a3 Bxc3 8.Bxc3 
O-O 9.Bg2 Rd8 10.O-O a5 11.Qc2 a4 12.Ne5 Bd7 13.Rfd1 Be8 14.Rac1 Rdc8 15.
cxd5 exd5 16.Bh3 Rd8 17.Nxc6 Bxc6 18.Bb4 Qe4 19.Qd2 Re8 20.Re1 h5 21.Rc3 
Qg6 22.f3 Nh7 23.Rcc1 h4 24.Qf4 Ng5 25.Bf5 hxg3 26.hxg3 Qf6 27.Bg4 Qg6 28.
Kf2 Ne6 29.Qe5 Nc5 30.Qh5 Qxh5 31.Bxh5 Nb3 32.Rcd1 Bd7 33.f4 Bf5 34.Rh1 
Bc2 35.Rde1 Be4 36.Bf3 Nxd4 37.Rd1 Nc6 38.Bc3 Rad8 39.e3 Rd6 40.Rh5 Bxf3 
41.Kxf3 Red8 42.g4 d4 43.exd4 Nxd4+ 44.Kf2 b6 45.Re5 f6 46.Re4 c5 47.Rd2 
Kf7 48.Rd1 Re6 49.Rxe6 Nxe6 50.Rxd8 Nxd8 51.Kf3 Ke6 52.f5+ Kd5 53.g5 fxg5 
54.Bxg7 Nf7 55.Kg4 Ke4 56.Bf8 c4 57.Bg7 Nd6 58.f6 Nf7 59.Bf8 Ke5 60.Be7 
Ke6 61.Kf3 Ne5+ 62.Ke4 Nc6 63.Bf8 b5 64.Bc5 Kxf6 65.Kd5 Ne7+ 66.Kd6 g4 67.
Bd4+ Kf5 68.Kc5 Ke4 69.Bg1 Ng6 70.Kxb5 Ne5 71.Bh2 Kd4 72.Bg1+ Kd5 73.Kxa4 
Nd3 74.Kb5 Nxb2 75.Kb4 Nd3+ 76.Kc3 Nc5 77.Kd2 g3 78.Ke2 c3 79.a4 Nxa4 80.
Kf3 Nb2 81.Be3 Nc4 82.Bc1 Kd4 83.Kxg3 Kd3 84.Kf3 Nd2+ 85.Kf2 Nb3 86.Bh6 
Nd4 87.Ke1 1/2-1/2

[Event "2nd GMA World Cup prel  #2"]
[Site "Moscow URS"]
[Date "1989.??.??"]
[Round "8"]
[White "Karpman, Vadim"]
[Black "Dokhoian, Yury"]
[Result "1/2-1/2"]
[WhiteElo "2480"]
[BlackElo "2575"]
[EventDate "1989.05.??"]
[PlyCount "68"]

1.d4 Nf6 2.c4 e6 3.Nc3 Bb4 4.Qc2 c5 5.dxc5 Bxc5 6.Nf3 Qb6 7.e3 Qc7 8.Be2 
Nc6 9.O-O b6 10.b3 Bb7 11.Bb2 a6 12.h3 Rc8 13.Rac1 Be7 14.Rfd1 Nb8 15.Nd4 
O-O 16.Bf3 Bxf3 17.Nxf3 d6 18.Ne4 Nxe4 19.Qxe4 Nd7 20.Nd4 Rfe8 21.Qf3 Bf8 
22.Ba3 Ne5 23.Qe2 Qb8 24.Bb4 Red8 25.a4 Rc7 26.a5 Nc6 27.Nxc6 Rxc6 28.Ra1 
Rd7 29.Qf3 Rc8 30.e4 Rb7 31.Qd3 Rc6 32.e5 dxe5 33.Bxf8 Qxf8 34.Qe4 Rbc7 
1/2-1/2

[Event "2nd GMA World Cup prel  #2"]
[Site "Moscow URS"]
[Date "1989.??.??"]
[Round "8"]
[White "Lobron, Eric"]
[Black "Campora, Daniel Hugo"]
[Result "1/2-1/2"]
[WhiteElo "2555"]
[BlackElo "2500"]
[EventDate "1989.05.??"]
[PlyCount "84"]

1.Nf3 d5 2.g3 Bg4 3.Bg2 Nd7 4.c4 e6 5.b3 c6 6.Bb2 Ngf6 7.O-O Bd6 8.d4 O-O 
9.Ne5 Bf5 10.Nd2 h6 11.f3 Nxe5 12.dxe5 Bc5+ 13.Kh1 Nd7 14.g4 Bh7 15.f4 f6 
16.cxd5 cxd5 17.e4 fxe5 18.exd5 Rxf4 19.dxe6 Rxf1+ 20.Nxf1 Nf6 21.Bxe5 Ne4
22.Qxd8+ Rxd8 23.h3 Re8 24.Ng3 Rxe6 25.Nxe4 Bxe4 26.Bxe4 Rxe5 27.Bxb7 Re2 
28.Rd1 Kf7 29.Rd5 Bb4 30.Rb5 a5 31.a3 Bxa3 32.Rxa5 Bd6 33.Rf5+ Ke7 34.Bd5 
Kd7 35.Bc4 Re3 36.Kg2 g5 37.Rf7+ Kc6 38.Rf3 Rxf3 39.Kxf3 Kc5 40.Ke4 Bg3 
41.Kf5 Bh4 42.Kg6 Kb4 1/2-1/2

[Event "2nd GMA World Cup prel  #2"]
[Site "Moscow URS"]
[Date "1989.??.??"]
[Round "8"]
[White "Csom, Istvan"]
[Black "Lein, Anatoly"]
[Result "1/2-1/2"]
[WhiteElo "2545"]
[BlackElo "2485"]
[EventDate "1989.05.??"]
[PlyCount "34"]

1.Nf3 d5 2.b3 Bg4 3.e3 e6 4.Bb2 Nd7 5.Be2 Ngf6 6.c4 c6 7.d3 Qa5+ 8.Nbd2 
Bxf3 9.gxf3 Ba3 10.Qc1 Bxb2 11.Qxb2 O-O 12.d4 Rfe8 13.b4 Qc7 14.f4 a5 15.
b5 c5 16.cxd5 exd5 17.dxc5 Qxc5 1/2-1/2

[Event "2nd GMA World Cup prel  #2"]
[Site "Moscow URS"]
[Date "1989.??.??"]
[Round "8"]
[White "Vyzhmanavin, Alexei"]
[Black "Stefansson, Hannes Hlifar"]
[Result "1-0"]
[WhiteElo "2550"]
[BlackElo "2480"]
[EventDate "1989.05.??"]
[PlyCount "91"]

1.d4 Nf6 2.c4 e6 3.Nf3 c5 4.d5 exd5 5.cxd5 d6 6.Nc3 g6 7.e4 a6 8.h3 b5 9.
Bd3 Bg7 10.O-O O-O 11.Bf4 Re8 12.Re1 Qb6 13.a4 c4 14.Bf1 Bb7 15.axb5 axb5 
16.Rxa8 Bxa8 17.b4 Na6 18.Be3 Qb8 19.Qb1 Ng4 20.Bd2 Ne5 21.Nxe5 Bxe5 22.
Ne2 Bb7 23.Bc3 Bc8 24.Qb2 Bd7 25.Nd4 Nc7 26.Nf3 Bxc3 27.Qxc3 f5 28.Qf6 Qd8
29.Qxd6 fxe4 30.Nd4 Bc8 31.Qc5 Qxd5 32.Nxb5 Qxc5 33.bxc5 Nxb5 34.Bxc4+ Kf8
35.Bxb5 Re5 36.Rc1 Ke7 37.Kf1 Bd7 38.Bxd7 Kxd7 39.Ke2 Kc6 40.Ke3 h5 41.Kd4
Rg5 42.g3 Rf5 43.Rc2 h4 44.Kxe4 hxg3 45.fxg3 Rf1 46.h4 1-0

[Event "2nd GMA World Cup prel  #2"]
[Site "Moscow URS"]
[Date "1989.??.??"]
[Round "8"]
[White "Lerner, Konstantin"]
[Black "Huzman, Alexander"]
[Result "1/2-1/2"]
[WhiteElo "2535"]
[BlackElo "2480"]
[EventDate "1989.05.??"]
[PlyCount "55"]

1.d4 Nf6 2.c4 g6 3.Nc3 d5 4.Bg5 Ne4 5.Bh4 Nxc3 6.bxc3 dxc4 7.e3 Be6 8.Rb1 
b6 9.Be2 Bg7 10.Nf3 O-O 11.O-O Bd5 12.Nd2 c5 13.e4 Bb7 14.d5 Bxc3 15.Nxc4 
Bd4 16.Qb3 Nd7 17.Rfd1 Bf6 18.Bg3 Ba6 19.f4 Bd4+ 20.Kh1 Rb8 21.a4 b5 22.
axb5 Bxb5 23.Qa2 Bxc4 24.Qxc4 Qa5 25.Bh4 Rxb1 26.Rxb1 Nb6 27.Qc2 f6 28.Be1
1/2-1/2

[Event "2nd GMA World Cup prel  #2"]
[Site "Moscow URS"]
[Date "1989.??.??"]
[Round "8"]
[White "Gutman, Lev"]
[Black "Klinger, Josef"]
[Result "1-0"]
[WhiteElo "2535"]
[BlackElo "2475"]
[EventDate "1989.05.??"]
[PlyCount "102"]

1.d4 e6 2.g3 d5 3.Bg2 Nf6 4.Nf3 Be7 5.O-O O-O 6.c4 Nbd7 7.Nc3 dxc4 8.e4 
Rb8 9.Bf4 b5 10.a4 b4 11.Nb5 Rb7 12.d5 exd5 13.exd5 a6 14.Nbd4 Nb8 15.Ne5 
Bd6 16.Re1 Nfd7 17.Nxc4 Bxf4 18.gxf4 Nf6 19.d6 cxd6 20.Bxb7 Bxb7 21.Nf5 d5
22.Ncd6 Ba8 23.Rc1 Nc6 24.Qc2 Ne4 25.Nxe4 dxe4 26.Qxe4 g6 27.Red1 Qa5 28.
Rd5 Qxa4 29.Nh6+ Kg7 30.f5 Qb3 31.f6+ Kxf6 32.Rxc6+ Kg7 33.Nf5+ gxf5 34.
Qd4+ f6 35.Rd7+ Kg6 36.Qh4 h5 37.Rcc7 Rg8 38.Qf4 Qh3 39.Qg3+ Qxg3+ 40.hxg3
f4 41.Kh2 fxg3+ 42.fxg3 a5 43.Ra7 Be4 44.Rd4 Re8 45.Rxa5 Bc6 46.Rc5 Ba8 
47.Kg1 Re3 48.Rc8 Be4 49.Kf2 Rf3+ 50.Ke2 f5 51.Rd1 Kf7 1-0

[Event "2nd GMA World Cup prel  #2"]
[Site "Moscow URS"]
[Date "1989.??.??"]
[Round "8"]
[White "Eingorn, Viacheslav"]
[Black "Sveshnikov, Evgeny"]
[Result "1/2-1/2"]
[WhiteElo "2570"]
[BlackElo "2435"]
[EventDate "1989.05.??"]
[PlyCount "123"]

1.d4 d5 2.c4 e6 3.Nf3 Nf6 4.Nc3 c6 5.e3 Nbd7 6.Qc2 Bd6 7.Be2 O-O 8.O-O Re8
9.Rd1 Qe7 10.e4 dxe4 11.Nxe4 Nxe4 12.Qxe4 e5 13.Bg5 f6 14.Be3 exd4 15.Qxe7
Bxe7 16.Nxd4 Nc5 17.Bf3 a5 18.h3 Kf7 19.b3 g6 20.Ne2 Be6 21.Nf4 Bc8 22.
Rac1 Bf8 23.Rc2 Bf5 24.Rcd2 Ne4 25.Bxe4 Rxe4 26.g4 Bc8 27.Ne2 Re8 28.Rd8 
a4 29.Rxe8 Kxe8 30.Bb6 Be7 31.Nc3 axb3 32.axb3 Be6 33.Ne4 f5 34.Nd6+ Bxd6 
35.Rxd6 Ke7 36.Rd4 Ra1+ 37.Kg2 Rb1 38.b4 Kf6 39.gxf5 Kxf5 40.Bc5 Rc1 41.
Rf4+ Kxf4 42.Be3+ Ke4 43.Bxc1 Bxc4 44.Kg3 Kd4 45.Be3+ Kc3 46.Bc5 b6 47.Bf8
Kd3 48.h4 Bd5 49.Kg4 Ke2 50.f4 Be4 51.Kg5 Kf3 52.Bd6 Bd3 53.h5 gxh5 54.
Kxh5 Ke4 55.Kg5 Kd5 56.Bc7 c5 57.bxc5 b5 58.f5 b4 59.Ba5 b3 60.Bc3 Kxc5 
61.f6 Kd6 62.Kh6 1/2-1/2

[Event "2nd GMA World Cup prel  #2"]
[Site "Moscow URS"]
[Date "1989.??.??"]
[Round "8"]
[White "Kochiev, Alexander"]
[Black "Kupreichik, Viktor"]
[Result "1-0"]
[WhiteElo "2475"]
[BlackElo "2520"]
[EventDate "1989.05.??"]
[PlyCount "93"]

1.d4 Nf6 2.Nf3 g6 3.g3 Bg7 4.Bg2 O-O 5.c4 d6 6.O-O Nc6 7.d5 Na5 8.Nbd2 b5 
9.cxb5 Nxd5 10.Rb1 Rb8 11.e4 Nb4 12.a3 Na2 13.Qc2 Rxb5 14.b4 Nc3 15.bxa5 
Nxb1 16.Nxb1 Rc5 17.Qd3 Rxa5 18.Re1 Ba6 19.Qe3 Qb8 20.Bd2 Rb5 21.Nc3 Rb3 
22.e5 Rxa3 23.Qf4 c6 24.Qh4 Qb2 25.Ne4 d5 26.Bc1 Qa2 27.Neg5 h6 28.Bxa3 
Qxa3 29.e6 f6 30.Nf7 Kh7 31.Qf4 Bd3 32.h4 a5 33.h5 a4 34.Qe3 Rb8 35.hxg6+ 
Kxg6 36.Nh4+ Kh7 37.Bf1 Rb3 38.Bxd3+ Rxd3 39.Qf4 Qc3 40.Qf5+ Kg8 41.Rb1 
Rxg3+ 42.fxg3 Qxg3+ 43.Ng2 a3 44.Rb7 d4 45.Rxe7 a2 46.Ra7 d3 47.Nxh6+ 1-0

[Event "2nd GMA World Cup prel  #2"]
[Site "Moscow URS"]
[Date "1989.??.??"]
[Round "8"]
[White "Malaniuk, Vladimir"]
[Black "Petrosian, Arshak"]
[Result "1-0"]
[WhiteElo "2520"]
[BlackElo "2475"]
[EventDate "1989.05.??"]
[PlyCount "79"]

1.d4 Nf6 2.c4 e6 3.Nc3 Bb4 4.f3 c5 5.d5 Bxc3+ 6.bxc3 Qa5 7.Bd2 d6 8.e4 
Nbd7 9.Ne2 O-O 10.Ng3 Re8 11.Be2 h6 12.O-O Nf8 13.h4 Bd7 14.a4 Qd8 15.h5 
e5 16.f4 exf4 17.Bxf4 Qe7 18.Bf3 N8h7 19.Re1 Ng5 20.e5 Nxf3+ 21.Qxf3 dxe5 
22.Rxe5 Qf8 23.Rxe8 Rxe8 24.Bxh6 gxh6 25.Qxf6 Qg7 26.Qxg7+ Kxg7 27.Kf2 a5 
28.Kf3 b6 29.Kf4 Kf8 30.Ne4 Ke7 31.Rb1 f5 32.Ng3 Rb8 33.Nxf5+ Kf6 34.g4 
Bxa4 35.Nxh6 Bc2 36.Re1 a4 37.g5+ Kg7 38.Re7+ Kf8 39.Ra7 a3 40.g6 1-0

[Event "2nd GMA World Cup prel  #2"]
[Site "Moscow URS"]
[Date "1989.??.??"]
[Round "8"]
[White "Kuzmin, Alexei"]
[Black "Adorjan, Andras"]
[Result "1/2-1/2"]
[WhiteElo "2465"]
[BlackElo "2525"]
[EventDate "1989.05.??"]
[PlyCount "160"]

1.d4 Nf6 2.c4 e6 3.Nf3 b6 4.a3 Bb7 5.Nc3 d5 6.cxd5 Nxd5 7.Qc2 Nxc3 8.bxc3 
c5 9.e3 Nd7 10.Bb5 a6 11.Bd3 g6 12.O-O Bg7 13.e4 O-O 14.a4 b5 15.Qe2 Nb6 
16.axb5 c4 17.Bc2 axb5 18.Ba3 Re8 19.Rfb1 Bc6 20.Ne5 Qc7 21.Bc5 Nd7 22.
Nxd7 Bxd7 23.e5 Bc6 24.Be4 Bf8 25.Bxf8 Rxf8 26.h4 h5 27.Rxa8 Rxa8 28.Rxb5 
Ra1+ 29.Rb1 Rxb1+ 30.Bxb1 Qb7 31.Ba2 Bxg2 32.Bxc4 Bf3 33.Qe3 Qb1+ 34.Bf1 
Bc6 35.Qd3 Qc1 36.Kh2 Qe1 37.Kg1 Be4 38.Qe2 Qb1 39.Kh2 Bd5 40.Bg2 Qf5 41.
Qe3 Qg4 42.Qg3 Qe2 43.Qe3 Qg4 44.Qg3 Qe2 45.Qf4 Qd1 46.Bxd5 exd5 47.Kg2 
Qa4 48.Kg3 Qd7 49.Kg2 Qc8 50.Qf3 Qd8 51.Qg3 Qc8 52.Qh3 Qc6 53.Qd3 Qc8 54.
Qh3 Qa6 55.Qf3 Qc8 56.Qh3 Qc6 57.Qd3 Qc8 58.f3 Qa8 59.e6 Qa2+ 60.Kg3 Qa3 
61.exf7+ Kxf7 62.Qe3 Qd6+ 63.Kg2 Qc6 64.Qf4+ Kg8 65.Qg5 Kf7 66.Qd8 Kg7 67.
Qe7+ Kg8 68.Qc5 Qe6 69.Kf2 Kf7 70.c4 dxc4 71.d5 Qe5 72.Qxc4 Qh2+ 73.Ke3 
Qg1+ 74.Kf4 Qh2+ 75.Ke3 Qg1+ 76.Ke2 Qg2+ 77.Ke1 Qg3+ 78.Kd2 Qf2+ 79.Kc1 
Qe1+ 80.Kc2 Qf2+ 1/2-1/2

[Event "2nd GMA World Cup prel  #2"]
[Site "Moscow URS"]
[Date "1989.??.??"]
[Round "8"]
[White "Dizdarevic, Emir"]
[Black "Anastasian, Ashot"]
[Result "0-1"]
[WhiteElo "2510"]
[BlackElo "2475"]
[EventDate "1989.05.??"]
[PlyCount "78"]

1.Nf3 Nf6 2.c4 c5 3.g3 b6 4.Bg2 Bb7 5.O-O e6 6.Nc3 Be7 7.d4 cxd4 8.Qxd4 
O-O 9.Rd1 Na6 10.Bf4 Rc8 11.Rac1 Nc5 12.Ne1 Bxg2 13.Kxg2 Rc6 14.Nb5 a6 15.
Nc3 d6 16.Qd2 Qd7 17.Nd3 b5 18.cxb5 axb5 19.f3 Nxd3 20.Qxd3 b4 21.Nb5 d5 
22.Rxc6 Qxc6 23.Rc1 Qa6 24.Rc7 Bd8 25.Ra7 Qb6 26.Bd6 Re8 27.Bxb4 e5 28.Ba5
Qc6 29.Bxd8 Rxd8 30.a4 h5 31.Qc3 Qe6 32.Qa5 Rf8 33.Nc7 Qc6 34.Qb5 Qc2 35.
Rb7 e4 36.Nxd5 Nxd5 37.Qxd5 Qxe2+ 38.Kh3 exf3 39.a5 f2 0-1

[Event "2nd GMA World Cup prel  #2"]
[Site "Moscow URS"]
[Date "1989.??.??"]
[Round "8"]
[White "Popchev, Milko"]
[Black "Miles, Anthony John"]
[Result "0-1"]
[WhiteElo "2465"]
[BlackElo "2520"]
[EventDate "1989.05.??"]
[PlyCount "70"]

1.d4 Nf6 2.Nf3 e6 3.e3 b6 4.Bd3 Bb7 5.O-O d5 6.Nbd2 Bd6 7.b3 O-O 8.Bb2 Ne4
9.c4 Nd7 10.Rc1 f5 11.Bb1 Nxd2 12.Nxd2 dxc4 13.e4 fxe4 14.Nxc4 Bf4 15.Rc3 
b5 16.Nd2 Nf6 17.Rh3 Qd5 18.Re1 e3 19.Nf3 exf2+ 20.Kxf2 g5 21.Kg1 g4 22.
Rh4 Rf7 23.Qc2 Rg7 24.Re5 Be3+ 25.Rxe3 gxf3 26.Rf4 Qg5 27.Rfxf3 Bxf3 28.
Rxf3 Nd5 29.Rg3 Qh6 30.Bc1 Qh4 31.Qe2 Qxd4+ 32.Kh1 Rf8 33.Qxe6+ Kh8 34.Qe2
Nc3 35.Rxg7 Nxe2 0-1

[Event "2nd GMA World Cup prel  #2"]
[Site "Moscow URS"]
[Date "1989.??.??"]
[Round "8"]
[White "Khalifman, Alexander"]
[Black "Tunik, Gennady"]
[Result "1-0"]
[WhiteElo "2545"]
[BlackElo "2435"]
[EventDate "1989.05.??"]
[PlyCount "121"]

1.d4 Nf6 2.c4 e6 3.g3 d5 4.Bg2 Be7 5.Nf3 O-O 6.O-O dxc4 7.Qc2 a6 8.a4 Bd7 
9.Qxc4 Bc6 10.Bg5 a5 11.Nc3 Na6 12.Rfd1 Nb4 13.e3 Bd5 14.Qe2 Ne4 15.Bxe7 
Qxe7 16.Ne5 Nxc3 17.bxc3 Bxg2 18.Kxg2 Nc6 19.Nf3 Rfd8 20.Qb5 Ra6 21.Rab1 
Rb6 22.Qc4 Qd6 23.Rxb6 cxb6 24.Rb1 Ne7 25.Qb3 Nc8 26.Ne5 Qd5+ 27.Kg1 Qxb3 
28.Rxb3 Rd6 29.Kf1 f6 30.Nf3 Rc6 31.Nd2 Kf7 32.Ke2 Ke7 33.Kd3 Kd7 34.e4 
Kc7 35.Nc4 Nd6 36.Ne3 Nc8 37.f4 Rd6 38.Rb1 Rd8 39.Nc4 h5 40.Na3 Rh8 41.
Nb5+ Kd7 42.e5 fxe5 43.fxe5 Rf8 44.Ke2 g5 45.Rf1 Rxf1 46.Kxf1 Ne7 47.Ke2 
Nf5 48.Kf3 Nh6 49.c4 Ng4 50.h4 gxh4 51.gxh4 Nh2+ 52.Kf4 Nf1 53.Kg5 Ng3 54.
Kf6 Ne2 55.d5 Nf4 56.Nc3 b5 57.dxe6+ Nxe6 58.cxb5 Nf4 59.Kf7 Nd3 60.e6+ 
Kd6 61.Ne4+ 1-0

[Event "2nd GMA World Cup prel  #2"]
[Site "Moscow URS"]
[Date "1989.??.??"]
[Round "8"]
[White "Timoschenko, Gennady"]
[Black "Gheorghiu, Florin"]
[Result "1-0"]
[WhiteElo "2460"]
[BlackElo "2515"]
[EventDate "1989.05.??"]
[PlyCount "59"]

1.d4 Nf6 2.c4 c5 3.d5 d6 4.Nc3 g6 5.e4 Bg7 6.Nf3 O-O 7.Be2 e6 8.O-O Re8 9.
h3 Na6 10.Bg5 h6 11.Be3 exd5 12.exd5 Ne4 13.Nxe4 Rxe4 14.Qd2 Kh7 15.Bd3 
Re8 16.Rae1 Bd7 17.Bf4 Qf6 18.b3 Nc7 19.Bg3 Rxe1 20.Rxe1 Re8 21.b4 Rxe1+ 
22.Qxe1 Na6 23.b5 Nb4 24.Bb1 Nxd5 25.cxd5 Bxb5 26.h4 Kg8 27.h5 g5 28.Qe4 
Kf8 29.Nd2 Qe7 30.Qh7 1-0

[Event "2nd GMA World Cup prel  #2"]
[Site "Moscow URS"]
[Date "1989.??.??"]
[Round "8"]
[White "Balashov, Yury"]
[Black "Padevsky, Nikola"]
[Result "1-0"]
[WhiteElo "2530"]
[BlackElo "2435"]
[EventDate "1989.05.??"]
[PlyCount "85"]

1.e4 d6 2.d4 Nf6 3.Nc3 g6 4.Nf3 Bg7 5.Be2 O-O 6.O-O Bg4 7.Be3 Nc6 8.h3 
Bxf3 9.Bxf3 e5 10.dxe5 dxe5 11.Ne2 Qxd1 12.Raxd1 Rfd8 13.c3 Ne8 14.Nc1 Nd6
15.Nd3 Bf6 16.g3 Kg7 17.h4 h6 18.Rfe1 Re8 19.Bc1 a5 20.a4 Kh7 21.Bg4 Rad8 
22.Nc5 Nb8 23.Rd5 b6 24.Nb3 Nxe4 25.Rxd8 Bxd8 26.Rxe4 f5 27.Rc4 fxg4 28.
Rxg4 Nd7 29.Re4 Be7 30.Be3 Bd6 31.Nd2 Nf6 32.Rc4 c5 33.Ne4 Nxe4 34.Rxe4 
Rd8 35.Kf1 Kg7 36.Ke2 Rd7 37.Kd3 h5 38.Kc4 Kf6 39.Kb5 Ke6 40.Bg5 Bc7 41.
Kc6 Rf7 42.Re2 Kf5 43.f3 1-0

[Event "2nd GMA World Cup prel  #2"]
[Site "Moscow URS"]
[Date "1989.??.??"]
[Round "8"]
[White "Lautier, Joel"]
[Black "Oll, Lembit"]
[Result "1/2-1/2"]
[WhiteElo "2450"]
[BlackElo "2510"]
[EventDate "1989.05.??"]
[PlyCount "91"]

1.d4 d5 2.c4 c6 3.Nf3 Nf6 4.Nc3 e6 5.cxd5 exd5 6.Bg5 Be7 7.Qc2 g6 8.e4 
dxe4 9.Bxf6 Bxf6 10.Qxe4+ Kf8 11.Bc4 Kg7 12.O-O Re8 13.Qf4 Be6 14.Bxe6 
Rxe6 15.Rfe1 Qd6 16.Qxd6 Rxd6 17.Ne4 Rd8 18.Nxf6 Kxf6 19.g4 h6 20.h4 Nd7 
21.g5+ hxg5 22.hxg5+ Kg7 23.Re7 Kf8 24.Rae1 Rab8 25.Kg2 Nb6 26.Kg3 Nd5 27.
R7e4 Kg7 28.Rh4 Rh8 29.Rxh8 Rxh8 30.Kg4 Rd8 31.Kg3 a5 32.Re2 a4 33.Rc2 Ra8
34.a3 Ra6 35.Ne5 Rb6 36.Kf3 Rb3+ 37.Ke4 Ne7 38.Nd3 Nf5 39.Nc5 Rb5 40.Nxa4 
Rd5 41.Rd2 Nd6+ 42.Kd3 Rxg5 43.Nc3 Rf5 44.Re2 Rf3+ 45.Kc2 Rf4 46.Kd3 
1/2-1/2

[Event "2nd GMA World Cup prel  #2"]
[Site "Moscow URS"]
[Date "1989.??.??"]
[Round "8"]
[White "Smejkal, Jan"]
[Black "Ulibin, Mikhail"]
[Result "1-0"]
[WhiteElo "2515"]
[BlackElo "2445"]
[EventDate "1989.05.??"]
[PlyCount "79"]

1.c4 Nf6 2.g3 e5 3.Bg2 c6 4.d4 exd4 5.Qxd4 d5 6.Nf3 Be7 7.cxd5 cxd5 8.O-O 
Nc6 9.Qa4 Qb6 10.Nc3 O-O 11.Qb5 d4 12.Qxb6 axb6 13.Nb5 Bc5 14.Rd1 Rd8 15.
Nc7 Ra7 16.Bg5 Bg4 17.h3 Bf5 18.g4 Bc2 19.Rdc1 d3 20.exd3 Bxd3 21.Rd1 h6 
22.Bxf6 gxf6 23.a3 b5 24.Rac1 Bb6 25.Bf1 Bxc7 26.Bxd3 b4 27.axb4 Nxb4 28.
Be4 Rxd1+ 29.Rxd1 Kf8 30.Nh4 Ke8 31.Nf5 Ra2 32.Rc1 Be5 33.Rc8+ Kd7 34.Rf8 
Rxb2 35.Rxf7+ Ke8 36.Rxb7 Kd8 37.Kg2 Bf4 38.Kf3 Bd2 39.Ne7 Ke8 40.Nc6 1-0

[Event "2nd GMA World Cup prel  #2"]
[Site "Moscow URS"]
[Date "1989.??.??"]
[Round "8"]
[White "Savon, Vladimir"]
[Black "Gligoric, Svetozar"]
[Result "1-0"]
[WhiteElo "2425"]
[BlackElo "2505"]
[EventDate "1989.05.??"]
[PlyCount "139"]

1.Nf3 Nf6 2.g3 d5 3.Bg2 c6 4.O-O Bf5 5.d3 Nbd7 6.Nh4 Bg6 7.e4 dxe4 8.Nxg6 
hxg6 9.dxe4 e5 10.Nd2 Bc5 11.a4 O-O 12.Nb3 Be7 13.Be3 Qc7 14.Qe2 Rfe8 15.
Rfd1 Nf8 16.f3 N6d7 17.Bh3 a5 18.Qf2 b6 19.Rd3 Red8 20.Rad1 b5 21.Ra1 Rdb8
22.axb5 Rxb5 23.Rc3 Bb4 24.Rc4 Nb6 25.Bxb6 Qxb6 26.Qxb6 Rxb6 27.Nc1 Bd6 
28.Nd3 Bc7 29.Rca4 Rb5 30.Kf1 Rd8 31.Ke2 Nd7 32.Bxd7 Rxd7 33.R1a3 f6 34.
Rc3 Rd6 35.Rac4 Rb6 36.b3 Kf7 37.Nb2 Ke7 38.Ra4 Rb5 39.Nc4 Re6 40.h4 Kd7 
41.Rd3+ Kc8 42.Rd1 Rc5 43.Na3 Rc3 44.Rc4 Rxc4 45.Nxc4 Bd8 46.Ra1 Re7 47.
Ra4 Ra7 48.b4 Kb7 49.Nxa5+ Kc7 50.Ra3 Be7 51.c3 c5 52.b5 c4 53.b6+ Kxb6 
54.Nxc4+ Kb7 55.Rxa7+ Kxa7 56.Nb2 Kb6 57.Nd3 Kb5 58.f4 exf4 59.Nxf4 Bd6 
60.Kf3 Kc4 61.Nxg6 Kxc3 62.e5 fxe5 63.Ke4 Kc4 64.g4 Kc5 65.g5 Bc7 66.h5 
Bd8 67.Kf5 e4 68.h6 gxh6 69.gxh6 e3 70.h7 1-0

[Event "2nd GMA World Cup prel  #2"]
[Site "Moscow URS"]
[Date "1989.??.??"]
[Round "8"]
[White "Zaichik, Gennadi"]
[Black "Tseitlin, Mark"]
[Result "1/2-1/2"]
[WhiteElo "2500"]
[BlackElo "2430"]
[EventDate "1989.05.??"]
[PlyCount "82"]

1.g3 e5 2.c4 c6 3.d4 exd4 4.Qxd4 d5 5.Bg2 Nf6 6.Nf3 Be7 7.cxd5 cxd5 8.O-O 
Nc6 9.Qa4 O-O 10.Nc3 Qb6 11.Qb5 d4 12.Qxb6 axb6 13.Nb5 Rd8 14.Bf4 Bf5 15.
Rfd1 d3 16.exd3 Bxd3 17.Bf1 Be4 18.Rxd8+ Rxd8 19.Nd2 Bg6 20.Nc4 Nd5 21.Bd6
Bf6 22.Bg2 Ndb4 23.Bc7 Re8 24.Bxb6 Bd3 25.Bf1 Re4 26.Nbd6 Re6 27.Rd1 Bc2 
28.Rd2 Re1 29.Ne3 Ba4 30.f4 Nxa2 31.Nxb7 h5 32.Nc5 Rxe3 33.Nxa4 Re4 34.b3 
Nc3 35.Nxc3 Bxc3 36.Rc2 Rb4 37.Rxc3 Rxb6 38.Bc4 Kf8 39.Rd3 Na5 40.Bd5 Rd6 
41.b4 Nc6 1/2-1/2

[Event "2nd GMA World Cup prel  #2"]
[Site "Moscow URS"]
[Date "1989.??.??"]
[Round "8"]
[White "Lukov, Valentin"]
[Black "Reshevsky, Samuel"]
[Result "1-0"]
[WhiteElo "2470"]
[BlackElo "2450"]
[EventDate "1989.05.??"]
[PlyCount "81"]

1.Nf3 Nf6 2.c4 b6 3.g3 Bb7 4.Bg2 e6 5.O-O Be7 6.b3 O-O 7.Bb2 c5 8.e3 d5 9.
Qe2 Nc6 10.Rd1 Qc7 11.Nc3 Rad8 12.Rac1 dxc4 13.bxc4 a6 14.d3 Rd7 15.Ne1 
Na5 16.f4 Bxg2 17.Qxg2 Rfd8 18.Qe2 Nc6 19.Rb1 h6 20.Ba1 Ne8 21.Ne4 f5 22.
Nc3 Bf6 23.a3 Nd6 24.g4 fxg4 25.Qxg4 Nf5 26.Kh1 Kh8 27.Qe2 Qb7 28.Ne4 Be7 
29.Nf3 b5 30.Rd2 Qa8 31.cxb5 axb5 32.Rg1 Bf8 33.Nfg5 c4 34.Qh5 cxd3 35.
Rdg2 Nce7 36.Nf7+ Kh7 37.Neg5+ Kg8 38.Nxd8 Rxd8 39.Qf7+ Kh8 40.Nxe6 Rc8 
41.Nxf8 1-0

[Event "2nd GMA World Cup prel  #2"]
[Site "Moscow URS"]
[Date "1989.??.??"]
[Round "8"]
[White "Fauland, Alexander"]
[Black "Bagirov, Vladimir"]
[Result "0-1"]
[WhiteElo "2450"]
[BlackElo "2460"]
[EventDate "1989.05.??"]
[PlyCount "82"]

1.d4 Nf6 2.Nf3 g6 3.c4 Bg7 4.Nc3 d5 5.Qb3 dxc4 6.Qxc4 O-O 7.Bf4 c6 8.e4 a5
9.Qb3 a4 10.Qc2 Bg4 11.Rd1 Qa5 12.Be2 Nbd7 13.O-O Rfe8 14.h3 Bxf3 15.Bxf3 
e5 16.Be3 a3 17.b3 exd4 18.Rxd4 Nf8 19.Ra4 Qe5 20.Bd4 Qe7 21.Rxa8 Rxa8 22.
Rd1 N6d7 23.Bxg7 Kxg7 24.Qd2 Ne5 25.Be2 Ne6 26.Qe3 Rd8 27.Rxd8 Qxd8 28.Kf1
b5 29.Nb1 b4 30.g3 g5 31.Nd2 c5 32.Nc4 Qf6 33.Kg2 Nd4 34.Nxe5 Qxe5 35.Bc4 
h6 36.f4 Nc2 37.Qe2 Qb2 38.fxg5 hxg5 39.Qf2 Ne3+ 40.Kf3 Qxf2+ 41.Kxf2 Nxc4
0-1